Cyclisme : Les coureurs du Team TotalEnergies en 2023 - Statistiques

Statistiques générales
  • Ce quiz a été pris 93 fois
  • Le résultat moyen est 15 sur 25
Statistiques - réponses
Nationalité Coureur % Correct
Slovaquie Peter Sagan
96%
France Mathieu Burgaudeau
88%
France Anthony Turgis
85%
France Pierre Latour
82%
Pologne Maciej Bodnar
76%
Italie Daniel Oss
75%
Belgique Steff Cras
74%
Norvège Edvald Boasson-Hagen
71%
France Valentin Ferron
71%
France Geoffrey Soupe
63%
France Alexis Vuillermoz
60%
Belgique Dries Van Gestel
58%
France Sandy Dujardin
57%
France Jason Tesson
56%
France Lorrenzo Manzin
56%
Espagne Victor de la Parte
53%
France Mattéo Vercher
44%
France Julien Simon
43%
France Paul Ourselin
43%
France Fabien Grellier
42%
France Emilien Jeannière
40%
France Fabien Doubey
39%
France Alan Jousseaume
36%
France Jérémy Cabot
31%
France Thomas Bonnet
28%
Aucun quiz correspondant
Distribution des résultats
% des personnes avec chaque résultat
Percentile par nombre de réponses
Votre historique - résultats
Vous n’avez pas pris ce quiz